| 000 | 02250nam a22002417a 4500 | ||
|---|---|---|---|
| 001 | 3620 | ||
| 003 | FISKH | ||
| 005 | 20240329141416.0 | ||
| 008 | 240328b cb ||||| |||| 00| 0 eng d | ||
| 040 |
_aFISKH _bkhr _cFISKH _dFISKH |
||
| 050 | _aPZ7 | ||
| 082 | _a808.14 | ||
| 100 | _aNat, Choun | ||
| 245 |
_aច្បាប់ផ្សេងៗ / _cចម្លងចេញអំពីសាស្ត្រាស្លឹករឹត |
||
| 260 |
_aភ្នំពេញ : _bការផ្សាយរបស់ សមាគម សម្ដេច ជួន ណាត, _c1974. |
||
| 300 |
_a118 pages : _c21 cm |
||
| 520 | _aលើកឡើងអំពីប្រភពនៃការសៅហ្មងទាំង ៣ យ់ាងដែលលោកហៅថាភ្នក់ភ្លើងទាំង ៣ គឺ ១ យករឿងមិនល្អពីក្រៅមកដុតអោយឆេះ សន្ធោរសន្អៅនៅក្នុងផ្ទះ រឺក៏យករឿងខាងក្នុងផ្ទះទៅអុជបង្កាត់អោយឆេះនៅខាងក្រៅ។ ទៅ២ គឺ ការប្រើពាក្យពេចន៍មិនគួរគប្បីចំពោះមាតាបិតា និងការមិនរវល់ញិកញ៉ុកក្នុងការផ្គាប់ចំណីអាហាដល់ឪពុកម្ដាយ និងប្ដី។ ទី៣ មិនត្រូវធ្វើអោយស្វាមីមានការអាក់អន់ស្រពន់ចិត្ត នៅក្នុងការរួមរ័ក្សជាមួយគ្នាឡើយ។ | ||
| 520 | _aMention the source of the three defilements that he called the three flames: one takes the bad things from the outside and burns them in the house, or takes the things inside the house to make them burn outside. Two is the use of inappropriate words to parents and give them enough and husbands. Third, do not make your husband dissatisfied with having sex with each other. | ||
| 650 |
_aកំណាព្យ _xការអប់រំមនុស្ស |
||
| 650 |
_aPoem _xEducated people |
||
| 942 |
_2ddc _cKHB _n0 |
||
| 999 |
_c3620 _d3620 |
||